000 00345nam a22001217a 4500
008 230612b xxu||||| |||| 00| 0 eng d
082 _a354.62
_bGOK
100 _cGovernment of Kenya
245 _aTreasury Memorandum on Public Accounts Committee Reports for the Years 1976-1990
260 _aKenya
_bGOK
_c1990
300 _a138p
942 _2ddc
_cBK
999 _c1071
_d1071